| 000 | 00636cam a22001937a 4500 | ||
|---|---|---|---|
| 001 | 000008613 | ||
| 005 | 20200929161355.0 | ||
| 008 | 021021s2002 mx 000 0 spa | ||
| 010 | _a2002527195 | ||
| 040 |
_aDO-SdBNP _bspa _cBNPHU |
||
| 082 |
_aPR861.44 _bP293c |
||
| 100 | 1 |
_aPastoriza Iyodo, Benito. _d1954- _923042 |
|
| 245 | 1 | 0 |
_aCartas a la sombra de tu piel / _cBenito Pastoriza Iyodo ; prólogo por Rose Mary Salum. |
| 260 |
_aMéxico : _bEditorial Tierra Firme, _c[2002]. |
||
| 300 |
_a80 p. ; _c21 cm. |
||
| 586 | _aPremio voces selectas | ||
| 650 | 4 |
_aPoesía puertorriqueña _91015 |
|
| 650 | 4 |
_aLiteratura puertorriqueña _9250 |
|
| 999 |
_c8383 _d8383 |
||